| 000 | 00413nam a2200145 a 4500 | ||
|---|---|---|---|
| 001 | 000026854 | ||
| 005 | 20200930030442.0 | ||
| 008 | 110325s1905 ht 000 0 spa d | ||
| 040 |
_aDO-SdBNP _bspa _cBNPHU |
||
| 100 | 1 |
_aSannon, Pauléus _953967 |
|
| 245 | 1 | 0 |
_aEssai historique sur la revolution de 1843 / _cPauléus Sannon. |
| 260 |
_aHaiti, : _bBonnefill, _c1905. |
||
| 300 |
_a211 p. ; _c23 cm. |
||
| 049 | _aBNPD | ||
| 999 |
_c26346 _d26346 |
||